Water harvesting and ground water recharge: (Record no. 194480)

MARC details
000 -LEADER
fixed length control field 00596nam a22002057a 4500
003 - CONTROL NUMBER IDENTIFIER
control field OSt
020 ## - INTERNATIONAL STANDARD BOOK NUMBER
International Standard Book Number 9789382471578
082 ## - DEWEY DECIMAL CLASSIFICATION NUMBER
Classification number 628.1
Item number HIT/WA
100 ## - MAIN ENTRY--PERSONAL NAME
Personal name Hiteshkumar V Parmer
245 ## - TITLE STATEMENT
Title Water harvesting and ground water recharge:
Remainder of title research method manual
260 ## - PUBLICATION, DISTRIBUTION, ETC. (IMPRINT)
Place of publication, distribution, etc India
Name of publisher, distributor, etc Jaya publishing house
Date of publication, distribution, etc 2014
300 ## - PHYSICAL DESCRIPTION
Extent 132p.
546 ## - LANGUAGE
Language note English
650 ## - SUBJECT ADDED ENTRY--TOPICAL TERM
Topical term or geographic name as entry element Designof water harvesting structures
650 ## - SUBJECT ADDED ENTRY--TOPICAL TERM
Topical term or geographic name as entry element Ground water recharge
650 ## - SUBJECT ADDED ENTRY--TOPICAL TERM
Topical term or geographic name as entry element Hydraulic characteristics of aquifer
650 ## - SUBJECT ADDED ENTRY--TOPICAL TERM
Topical term or geographic name as entry element Ground water potential
650 ## - SUBJECT ADDED ENTRY--TOPICAL TERM
Topical term or geographic name as entry element Ground water recharge
942 ## - ADDED ENTRY ELEMENTS (KOHA)
Source of classification or shelving scheme Dewey Decimal Classification
Koha item type Books (General)
Holdings
Lost status Source of classification or shelving scheme Damaged status Not for loan Collection code Home library Current library Shelving location Date acquired Cost, normal purchase price Total Checkouts Total Renewals Full call number Barcode Date last seen Date last borrowed Koha item type
  Dewey Decimal Classification     General KAU Central Library, Thrissur KAU Central Library, Thrissur General 21/05/2020 1895.00 1 2 628.1 HIT/WA 230472 13/05/2024 13/05/2024 Books (General)
Kerala Agricultural University Central Library
Thrissur-(Dt.), Kerala Pin:- 680656, India
Ph : (+91)(487) 2372219
E-mail: librarian@kau.in
Website: http://library.kau.in/